| 000 | 00695nam a2200217 i 4500 | ||
|---|---|---|---|
| 001 | 115212 | ||
| 003 | ES-MaACL | ||
| 005 | 20250730063125.0 | ||
| 007 | t| | ||
| 008 | 070226s1908 sp ||||1| spa d | ||
| 080 | _a821.134.2-32"18" | ||
| 100 | 1 |
_aReyes, Arturo, _d1864-1913 _996560 |
|
| 245 | 1 | 3 |
_aEl Niño de los Caireles _b: novela / _cde Arturo Reyes ; ilustraciones de Juan Francés. |
| 260 |
_aMadrid : _bEl Cuento Semanal, _c1908. |
||
| 300 |
_a20 p. : _bil. ; _c26 cm. |
||
| 490 | 1 |
_aEl cuento semanal ; _v75 |
|
| 700 | 1 |
_aFrancés, Juan _c, ilustrador. _952142 |
|
| 830 | 0 | 3 |
_aEl cuento semanal _v75 _9185957 |
| 852 |
_aES-MaACL _jG-4441(23) |
||
| 999 |
_c115212 _d115212 |
||